Saltar al contenido

Экономическая теория учебное пособие

В учебном пособии охарактеризованы важнейшие экономические доктрины, объясняющие основные закономерности общественного развития, тенденции экономики на микро и макроуровнях, включая теории товарных и финансовых рынков, основы равновесия в экономике, проблемы достижения экономического роста и процесс...

Descripción completa

Guardado en:
Detalles Bibliográficos
Autor principal: Мичурина Ф. З.
Formato: Книга
Lenguaje:Russian
Publicado: Пермь ПГАТУ 2021
Acceso en línea:https://e.lanbook.com/book/199136
https://e.lanbook.com/img/cover/book/199136.jpg
Etiquetas: Agregar Etiqueta
Sin Etiquetas, Sea el primero en etiquetar este registro!
LEADER 03213nam0a2200265 i 4500
001 199136
003 RuSpLAN
005 20221220174143.0
008 221220s2021 ru gs 000 0 rus
020 |a 978-5-94279-529-0 
040 |a RuSpLAN 
041 0 |a rus 
044 |a ru 
080 |a 33 
084 |a 65.01  |2 rubbk 
245 0 0 |a Экономическая теория  |b учебное пособие  |c Мичурина Ф. З. 
260 |a Пермь  |b ПГАТУ  |c 2021 
300 |a 396 с. 
504 |a Библиогр.: доступна в карточке книги, на сайте ЭБС Лань 
520 8 |a В учебном пособии охарактеризованы важнейшие экономические доктрины, объясняющие основные закономерности общественного развития, тенденции экономики на микро и макроуровнях, включая теории товарных и финансовых рынков, основы равновесия в экономике, проблемы достижения экономического роста и процессуальную концепцию ценообразования. Пособие подготовлено для аспирантов направления 38.06.01, изучающих дисциплину «Экономическая теория» в соответствии с потребностями глубокого осмысления экономических процессов при обучении на третьей высшей ступени вузовского образования. Данное учебное пособие применимо также в обучении студентов направлений подготовки бакалавриата и магистратуры, изучающих дисциплины «Микроэкономика» и «Макроэкономика», являющихся составными частями дисциплины «Экономическая теория» и изучающих дисциплину «Экономика», обобщающую эти составные части. Отражая потребность изучения теоретических экономических дисциплин при трехуровневой системе высшего образования, учебное пособие применимо также в проведение преподавателями высших учебных заведений довузовской подготовки профориентационного типа. Этим целям служит образность и смысловая доступность языка текста данного учебного пособия. 
521 8 |a Книга из коллекции ПГАТУ - Экономика и менеджмент 
100 1 |a Мичурина Ф. З. 
856 4 |u https://e.lanbook.com/book/199136 
856 4 8 |u https://e.lanbook.com/img/cover/book/199136.jpg 
953 |a https://e.lanbook.com/img/cover/book/199136.jpg